[Event "World Youth & Cadets Blitz Championships"]
[Site "Rhodes, Greece"]
[Date "2022.05.03"]
[Round "4.18"]
[White "Zhauynbay, Aldiyar"]
[Black "Mamedov, Edgar"]
[Result "0-1"]
[TimeControl "5'/game & 2\"/move"]
[WhiteElo "1434"]
[BlackElo "2027"]

1. e4 {[%clk 00:05:03]} c6 {[%clk 00:05:03]} {[%emt 00:00:01]} 2. Nc3 {[%clk
00:05:00]} {[%emt 00:00:05]} d5 {[%clk 00:05:04]} {[%emt 00:00:01]} 3. Qf3
{[%clk 00:05:00]} {[%emt 00:00:01]} dxe4 {[%clk 00:05:03]} {[%emt 00:00:03]} 4.
Nxe4 {[%clk 00:05:01]} {[%emt 00:00:01]} Nd7 {[%clk 00:05:02]} {[%emt
00:00:04]} 5. d4 {[%clk 00:05:01]} {[%emt 00:00:02]} Ngf6 {[%emt 00:00:01]} 6.
Bc4 {[%clk 00:05:01]} {[%emt 00:00:02]} e6 {[%clk 00:05:03]} {[%emt 00:00:02]}
7. Ne2 {[%clk 00:04:58]} {[%emt 00:00:05]} Be7 {[%clk 00:05:03]} {[%emt
00:00:02]} 8. Bg5 {[%clk 00:04:49]} {[%emt 00:00:11]} Nxe4 {[%clk 00:05:01]}
{[%emt 00:00:04]} 9. Bxe7 {[%clk 00:04:44]} {[%emt 00:00:06]} Qxe7 {[%clk
00:05:01]} {[%emt 00:00:02]} 10. Qxe4 {[%clk 00:04:44]} {[%emt 00:00:02]} Qb4+
{[%clk 00:05:01]} {[%emt 00:00:02]} 11. c3 {[%clk 00:04:34]} {[%emt 00:00:12]}
Qxc4 {[%clk 00:05:02]} {[%emt 00:00:01]} 12. O-O {[%clk 00:04:30]} {[%emt
00:00:06]} Nf6 {[%clk 00:05:01]} {[%emt 00:00:03]} 13. Qf3 {[%clk 00:04:30]}
{[%emt 00:00:02]} Qd5 {[%clk 00:04:59]} {[%emt 00:00:05]} 14. Qg3 {[%clk
00:04:28]} {[%emt 00:00:03]} O-O {[%clk 00:04:58]} {[%emt 00:00:03]} 15. Rfe1
{[%clk 00:04:23]} {[%emt 00:00:07]} h6 {[%clk 00:04:57]} {[%emt 00:00:04]} 16.
Nf4 {[%clk 00:04:22]} {[%emt 00:00:02]} Qg5 {[%clk 00:04:57]} {[%emt 00:00:02]}
17. Qf3 {[%clk 00:04:17]} {[%emt 00:00:07]} Qg4 {[%clk 00:04:57]} {[%emt
00:00:02]} 18. Qe3 {[%clk 00:04:10]} {[%emt 00:00:08]} Nd5 {[%clk 00:04:57]}
{[%emt 00:00:03]} 19. Nxd5 {[%clk 00:04:10]} {[%emt 00:00:02]} exd5 {[%clk
00:04:58]} {[%emt 00:00:02]} 20. h3 {[%clk 00:04:07]} {[%emt 00:00:05]} Qg6
{[%clk 00:04:58]} {[%emt 00:00:01]} 21. Kh2 {[%clk 00:04:06]} {[%emt 00:00:03]}
Qd6+ {[%clk 00:04:55]} {[%emt 00:00:06]} 22. Kh1 {[%clk 00:04:04]} {[%emt
00:00:03]} Be6 {[%clk 00:04:54]} {[%emt 00:00:03]} 23. Qd2 {[%clk 00:04:02]}
{[%emt 00:00:04]} Rfe8 {[%clk 00:04:55]} {[%emt 00:00:01]} 24. Re3 {[%clk
00:04:01]} {[%emt 00:00:03]} Bd7 {[%clk 00:04:53]} {[%emt 00:00:04]} 25. Rg3
{[%clk 00:04:01]} {[%emt 00:00:02]} Re6 {[%clk 00:04:52]} {[%emt 00:00:04]} 26.
Rf1 {[%clk 00:03:55]} {[%emt 00:00:07]} Rae8 {[%clk 00:04:51]} {[%emt
00:00:04]} 27. f4 {[%clk 00:03:49]} {[%emt 00:00:08]} Re2 {[%clk 00:04:50]}
{[%emt 00:00:03]} 28. Qd3 {[%clk 00:03:47]} {[%emt 00:00:04]} f5 {[%clk
00:04:48]} {[%emt 00:00:03]} 29. Qf3 {[%clk 00:03:42]} {[%emt 00:00:07]} Kh7
{[%clk 00:04:40]} {[%emt 00:00:11]} 30. Qh5 {[%clk 00:03:35]} {[%emt 00:00:08]}
g6 {[%clk 00:04:40]} {[%emt 00:00:02]} 31. Qf3 {[%clk 00:03:26]} {[%emt
00:00:10]} Qe6 {[%clk 00:04:39]} {[%emt 00:00:04]} 32. Qd3 {[%clk 00:03:20]}
{[%emt 00:00:08]} Qe4 {[%clk 00:04:40]} {[%emt 00:00:02]} 33. Qd1 {[%clk
00:03:09]} {[%emt 00:00:12]} Qc2 {[%clk 00:04:40]} {[%emt 00:00:02]} 34. Qxc2
{[%clk 00:02:59]} {[%emt 00:00:12]} Rxc2 {[%clk 00:04:40]} {[%emt 00:00:02]} 35.
b4 {[%clk 00:02:49]} {[%emt 00:00:12]} Rxa2 {[%clk 00:04:38]} {[%emt 00:00:04]}
36. h4 {[%clk 00:02:45]} {[%emt 00:00:06]} h5 {[%clk 00:04:38]} {[%emt
00:00:02]} 37. Kh2 {[%clk 00:02:42]} {[%emt 00:00:04]} Ree2 {[%clk 00:04:37]}
{[%emt 00:00:04]} 38. Rff3 {[%clk 00:02:40]} {[%emt 00:00:04]} Kg7 {[%clk
00:04:33]} {[%emt 00:00:07]} 39. Rg5 {[%clk 00:02:31]} {[%emt 00:00:11]} Kf6
{[%clk 00:04:29]} {[%emt 00:00:05]} 40. Rgg3 {[%clk 00:02:22]} {[%emt
00:00:11]} b6 {[%clk 00:04:24]} {[%emt 00:00:08]} 41. Re3 {[%clk 00:02:11]}
{[%emt 00:00:12]} Rxe3 {[%clk 00:04:24]} {[%emt 00:00:02]} 42. Rxe3 {[%clk
00:02:12]} {[%emt 00:00:02]} a5 {[%clk 00:04:24]} {[%emt 00:00:02]} 43. bxa5
{[%clk 00:02:09]} {[%emt 00:00:04]} bxa5 {[%clk 00:04:25]} {[%emt 00:00:01]} 44.
Re1 {[%clk 00:02:06]} {[%emt 00:00:05]} a4 {[%clk 00:04:25]} {[%emt 00:00:03]}
45. Rc1 {[%clk 00:02:06]} {[%emt 00:00:01]} a3 {[%clk 00:04:25]} {[%emt
00:00:03]} 46. Rd1 {[%clk 00:01:54]} {[%emt 00:00:13]} Rb2 {[%clk 00:04:23]}
{[%emt 00:00:05]} 47. Ra1 {[%clk 00:01:52]} {[%emt 00:00:03]} a2 {[%clk
00:04:23]} {[%emt 00:00:02]} 48. Kh3 {[%clk 00:01:52]} {[%emt 00:00:02]} Bc8
{[%clk 00:04:24]} 49. Kh2 {[%clk 00:01:51]} {[%emt 00:00:03]} Ba6 {[%clk
00:04:25]} {[%emt 00:00:02]} 50. Kg3 {[%clk 00:01:50]} {[%emt 00:00:02]} Bc4
{[%clk 00:04:26]} 51. Kh3 {[%clk 00:01:45]} {[%emt 00:00:08]} Rb1 {[%clk
00:04:27]} 52. g4 {[%clk 00:01:44]} {[%emt 00:00:02]} fxg4+ {[%clk 00:04:26]}
{[%emt 00:00:03]} 53. Kg3 {[%clk 00:01:44]} {[%emt 00:00:02]} Rxa1 {[%clk
00:04:26]} {[%emt 00:00:02]} 54. f5 {[%clk 00:01:44]} {[%emt 00:00:02]} Bd3
{[%clk 00:04:23]} {[%emt 00:00:06]} 55. c4 {[%clk 00:01:44]} {[%emt 00:00:02]}
Rg1+ {[%clk 00:04:23]} {[%emt 00:00:02]} 56. Kf4 {[%clk 00:01:43]} {[%emt
00:00:03]} gxf5 {[%clk 00:04:21]} {[%emt 00:00:03]} 57. c5 {[%clk 00:01:41]}
{[%emt 00:00:04]} a1=Q {[%emt 00:00:11]} 58. Ke3 {[%clk 00:01:41]} {[%emt
00:00:01]} Qc1+ {[%clk 00:04:13]} {[%emt 00:00:03]} 0-1

[Event "World Youth & Cadets Blitz Championships"]
[Site "Rhodes, Greece"]
[Date "2022.05.03"]
[Round "4.19"]
[White "Moldovan, Lucas Gabriel"]
[Black "Patel, Zain"]
[Result "0-1"]
[TimeControl "5'/game & 2\"/move"]
[WhiteElo "1315"]
[BlackElo "1746"]

1. e4 {[%clk 00:05:03]} {[%emt 00:00:01]} e5 {[%clk 00:05:03]} {[%emt
00:00:02]} 2. Nf3 {[%clk 00:05:03]} {[%emt 00:00:01]} Nc6 {[%clk 00:05:03]}
{[%emt 00:00:02]} 3. Bc4 {[%clk 00:05:04]} {[%emt 00:00:01]} Bc5 {[%clk
00:05:03]} {[%emt 00:00:01]} 4. c3 {[%clk 00:05:03]} {[%emt 00:00:03]} Nf6
{[%clk 00:05:03]} {[%emt 00:00:02]} 5. d4 {[%clk 00:05:04]} exd4 {[%clk
00:05:04]} {[%emt 00:00:01]} 6. e5 {[%clk 00:05:05]} {[%emt 00:00:01]} d5
{[%clk 00:05:04]} {[%emt 00:00:02]} 7. Bb5 {[%clk 00:05:06]} Ne4 {[%clk
00:05:05]} {[%emt 00:00:01]} 8. cxd4 {[%clk 00:05:07]} {[%emt 00:00:01]} Bb6
{[%clk 00:05:06]} {[%emt 00:00:02]} 9. Nc3 {[%clk 00:05:05]} {[%emt 00:00:04]}
O-O {[%clk 00:05:04]} {[%emt 00:00:04]} 10. Bxc6 {[%clk 00:05:03]} {[%emt
00:00:03]} bxc6 {[%clk 00:05:04]} {[%emt 00:00:02]} 11. O-O {[%clk 00:05:03]}
{[%emt 00:00:02]} Bg4 {[%clk 00:05:03]} {[%emt 00:00:03]} 12. h3 {[%clk
00:04:15]} {[%emt 00:00:50]} Bh5 {[%clk 00:05:04]} {[%emt 00:00:02]} 13. Re1
{[%clk 00:03:41]} {[%emt 00:00:35]} Nxc3 {[%clk 00:04:14]} {[%emt 00:00:52]} 14.
bxc3 {[%clk 00:03:42]} {[%emt 00:00:01]} c5 {[%clk 00:03:46]} {[%emt 00:00:30]}
15. Ba3 {[%clk 00:03:01]} {[%emt 00:00:43]} Qe7 {[%clk 00:03:30]} {[%emt
00:00:17]} 16. Qd3 {[%clk 00:02:26]} {[%emt 00:00:37]} Bg6 {[%clk 00:03:17]}
{[%emt 00:00:16]} 17. Qe3 {[%clk 00:02:27]} cxd4 {[%clk 00:03:10]} {[%emt
00:00:08]} 18. cxd4 {[%clk 00:02:27]} {[%emt 00:00:03]} Qd7 {[%clk 00:03:08]}
{[%emt 00:00:05]} 19. Bxf8 {[%clk 00:02:24]} {[%emt 00:00:05]} Rxf8 {[%clk
00:03:08]} {[%emt 00:00:01]} 20. Rec1 {[%clk 00:02:11]} {[%emt 00:00:15]} Re8
{[%clk 00:02:57]} {[%emt 00:00:14]} 21. Nh4 {[%clk 00:02:09]} {[%emt 00:00:02]}
Be4 {[%clk 00:02:43]} {[%emt 00:00:17]} 22. f3 {[%clk 00:02:10]} {[%emt
00:00:02]} Rxe5 {[%clk 00:02:17]} {[%emt 00:00:27]} 23. fxe4 {[%clk 00:02:05]}
{[%emt 00:00:07]} Rxe4 {[%clk 00:02:18]} {[%emt 00:00:01]} 24. Qg3 {[%clk
00:01:57]} {[%emt 00:00:10]} Bxd4+ {[%clk 00:02:18]} {[%emt 00:00:03]} 25. Kh1
{[%clk 00:01:54]} {[%emt 00:00:04]} Bxa1 {[%clk 00:01:56]} {[%emt 00:00:25]} 26.
Rxa1 {[%clk 00:01:51]} {[%emt 00:00:04]} Qe7 {[%clk 00:01:46]} {[%emt
00:00:13]} 27. Nf5 {[%clk 00:01:30]} {[%emt 00:00:22]} Qf6 {[%clk 00:01:47]}
{[%emt 00:00:02]} 28. Rb1 {[%clk 00:01:21]} {[%emt 00:00:11]} h6 {[%clk
00:01:33]} {[%emt 00:00:16]} 29. Ne3 {[%clk 00:00:52]} {[%emt 00:00:29]} d4
{[%clk 00:01:14]} {[%emt 00:00:22]} 30. Ng4 {[%clk 00:00:50]} {[%emt 00:00:05]}
Qg6 {[%clk 00:01:10]} {[%emt 00:00:06]} 31. Qxc7 {[%clk 00:00:27]} {[%emt
00:00:25]} Kh7 {[%clk 00:01:02]} {[%emt 00:00:10]} 32. Rf1 {[%clk 00:00:23]}
{[%emt 00:00:05]} h5 {[%clk 00:00:32]} {[%emt 00:00:32]} 33. Ne5 {[%clk
00:00:17]} {[%emt 00:00:08]} Qg3 {[%clk 00:00:17]} {[%emt 00:00:18]} 34. Qxf7
{[%clk 00:00:03]} {[%emt 00:00:16]} Rxe5 {[%clk 00:00:12]} {[%emt 00:00:06]} 35.
Qf3 {[%clk 00:00:03]} {[%emt 00:00:02]} Qxf3 {[%clk 00:00:12]} {[%emt
00:00:03]} 36. Rxf3 {[%clk 00:00:05]} {[%emt 00:00:01]} Rd5 {[%clk 00:00:11]}
{[%emt 00:00:02]} 37. Rd3 {[%clk 00:00:06]} {[%emt 00:00:01]} 0-1

[Event "World Youth & Cadets Blitz Championships"]
[Site "Rhodes, Greece"]
[Date "2022.05.03"]
[Round "4.20"]
[White "Pidluznij, Matvej"]
[Black "Lechowski, Witold"]
[Result "0-1"]
[TimeControl "5'/game & 2\"/move"]
[WhiteElo "1121"]
[BlackElo "1684"]

1. e4 {[%clk 00:05:02]} {[%emt 00:00:01]} c5 {[%clk 00:05:03]} {[%emt
00:00:01]} 2. c3 {[%clk 00:05:03]} {[%emt 00:00:02]} d5 {[%clk 00:05:04]}
{[%emt 00:00:01]} 3. exd5 {[%clk 00:05:04]} Qxd5 {[%clk 00:05:04]} {[%emt
00:00:01]} 4. d4 {[%emt 00:00:02]} Nf6 {[%clk 00:04:58]} {[%emt 00:00:07]} 5.
Nf3 {[%clk 00:05:04]} {[%emt 00:00:03]} Nc6 {[%clk 00:04:58]} {[%emt 00:00:03]}
6. Bf4 {[%clk 00:04:57]} {[%emt 00:00:09]} e6 {[%clk 00:04:58]} {[%emt
00:00:02]} 7. Bd3 {[%clk 00:04:54]} {[%emt 00:00:05]} Be7 {[%clk 00:04:53]}
{[%emt 00:00:06]} 8. Bc2 {[%clk 00:04:43]} {[%emt 00:00:14]} O-O {[%clk
00:04:44]} {[%emt 00:00:10]} 9. O-O {[%clk 00:04:42]} {[%emt 00:00:04]} Rd8
{[%clk 00:04:41]} {[%emt 00:00:05]} 10. dxc5 {[%clk 00:04:16]} {[%emt
00:00:28]} Qxc5 {[%clk 00:04:41]} {[%emt 00:00:02]} 11. Qe2 {[%clk 00:04:04]}
{[%emt 00:00:13]} Nd5 {[%clk 00:04:25]} {[%emt 00:00:18]} 12. Bg3 {[%clk
00:03:53]} {[%emt 00:00:13]} b6 {[%clk 00:04:12]} {[%emt 00:00:16]} 13. Nbd2
{[%clk 00:03:52]} {[%emt 00:00:02]} Nf6 {[%clk 00:03:45]} {[%emt 00:00:31]} 14.
Nb3 {[%clk 00:03:45]} {[%emt 00:00:08]} Qh5 {[%clk 00:03:27]} {[%emt 00:00:20]}
15. Rfd1 {[%clk 00:03:37]} {[%emt 00:00:10]} Bb7 {[%clk 00:03:20]} {[%emt
00:00:09]} 16. Nbd4 {[%clk 00:03:24]} {[%emt 00:00:15]} Rac8 {[%clk 00:02:43]}
{[%emt 00:00:39]} 17. Nxc6 {[%clk 00:03:18]} {[%emt 00:00:08]} Bxc6 {[%clk
00:02:41]} {[%emt 00:00:03]} 18. Nd4 {[%clk 00:03:13]} {[%emt 00:00:07]} Qd5
{[%clk 00:02:19]} {[%emt 00:00:25]} 19. Nxc6 {[%clk 00:03:02]} {[%emt
00:00:13]} Qxc6 {[%clk 00:02:20]} {[%emt 00:00:01]} 20. Rxd8+ {[%clk 00:02:16]}
{[%emt 00:00:48]} Rxd8 {[%clk 00:02:17]} {[%emt 00:00:05]} 21. Rd1 {[%clk
00:02:14]} {[%emt 00:00:03]} g6 {[%clk 00:01:58]} {[%emt 00:00:21]} 22. Rxd8+
{[%emt 00:00:13]} Bxd8 {[%clk 00:01:59]} 23. Bh4 {[%clk 00:01:50]} {[%emt
00:00:15]} Be7 {[%clk 00:01:25]} {[%emt 00:00:38]} 24. Qe5 {[%clk 00:01:03]}
{[%emt 00:00:48]} Nd5 {[%clk 00:01:16]} {[%emt 00:00:12]} 25. Qb8+ {[%clk
00:00:30]} {[%emt 00:00:33]} Kg7 {[%clk 00:01:14]} {[%emt 00:00:05]} 26. Bxe7
{[%clk 00:00:27]} {[%emt 00:00:04]} Nxe7 {[%clk 00:01:11]} {[%emt 00:00:05]} 27.
Qxa7 {[%clk 00:00:24]} {[%emt 00:00:06]} Qd6 {[%clk 00:01:02]} {[%emt
00:00:11]} 28. Qa6 {[%clk 00:00:14]} {[%emt 00:00:11]} Qd2 {[%clk 00:00:55]}
{[%emt 00:00:11]} 29. Qd3 {[%clk 00:00:04]} {[%emt 00:00:11]} Qc1+ {[%clk
00:00:51]} {[%emt 00:00:05]} 30. Qd1 {[%clk 00:00:03]} {[%emt 00:00:03]} Qxb2
{[%clk 00:00:51]} {[%emt 00:00:03]} 31. Bb3 {[%clk 00:00:03]} {[%emt 00:00:03]}
Qxc3 {[%clk 00:00:49]} {[%emt 00:00:06]} 0-1

[Event "World Youth & Cadets Blitz Championships"]
[Site "Rhodes, Greece"]
[Date "2022.05.03"]
[Round "4.21"]
[White "Jalving, August"]
[Black "Verbytski, Oleg"]
[Result "1-0"]
[TimeControl "5'/game & 2\"/move"]
[WhiteElo "1908"]
[BlackElo "1756"]

1. e4 {[%clk 00:05:03]} c5 {[%clk 00:05:03]} {[%emt 00:00:01]} 2. Nf3 {[%clk
00:05:03]} {[%emt 00:00:02]} d6 {[%clk 00:05:04]} {[%emt 00:00:02]} 3. d4
{[%clk 00:05:04]} cxd4 {[%clk 00:05:04]} {[%emt 00:00:02]} 4. Nxd4 {[%clk
00:05:05]} Nf6 {[%clk 00:05:05]} {[%emt 00:00:01]} 5. Nc3 {[%clk 00:05:06]}
{[%emt 00:00:02]} a6 {[%clk 00:05:05]} {[%emt 00:00:01]} 6. Be3 {[%clk
00:05:06]} {[%emt 00:00:02]} e6 {[%clk 00:05:06]} {[%emt 00:00:02]} 7. a4
{[%emt 00:00:22]} Be7 {[%clk 00:05:05]} 8. Be2 {[%clk 00:04:45]} {[%emt
00:00:03]} Bd7 {[%clk 00:05:04]} {[%emt 00:00:03]} 9. O-O {[%clk 00:04:45]}
{[%emt 00:00:02]} Nc6 {[%clk 00:05:05]} {[%emt 00:00:02]} 10. f4 {[%clk
00:04:30]} {[%emt 00:00:17]} O-O {[%clk 00:05:04]} {[%emt 00:00:03]} 11. Bf3
{[%clk 00:04:21]} {[%emt 00:00:11]} Rc8 {[%clk 00:05:04]} {[%emt 00:00:02]} 12.
Qd2 {[%clk 00:04:12]} {[%emt 00:00:12]} Na5 {[%clk 00:04:51]} {[%emt 00:00:15]}
13. b3 {[%clk 00:03:53]} {[%emt 00:00:21]} Qc7 {[%clk 00:04:45]} {[%emt
00:00:08]} 14. Nce2 {[%clk 00:03:45]} {[%emt 00:00:11]} Nc6 {[%clk 00:04:45]}
{[%emt 00:00:02]} 15. Rac1 {[%clk 00:03:40]} {[%emt 00:00:07]} Rfe8 {[%clk
00:04:37]} {[%emt 00:00:11]} 16. Rfd1 {[%clk 00:03:34]} {[%emt 00:00:07]} Nxd4
{[%clk 00:04:33]} {[%emt 00:00:05]} 17. Bxd4 {[%clk 00:03:33]} {[%emt
00:00:04]} Bc6 {[%clk 00:04:31]} {[%emt 00:00:04]} 18. Ng3 {[%clk 00:03:16]}
{[%emt 00:00:19]} d5 {[%clk 00:04:10]} {[%emt 00:00:22]} 19. e5 {[%clk
00:03:10]} {[%emt 00:00:08]} Nd7 {[%clk 00:04:11]} {[%emt 00:00:01]} 20. Kh1
{[%clk 00:03:02]} {[%emt 00:00:11]} Bc5 {[%clk 00:04:05]} {[%emt 00:00:07]} 21.
Qe3 {[%clk 00:02:59]} {[%emt 00:00:05]} Bxd4 {[%clk 00:04:03]} {[%emt
00:00:04]} 22. Qxd4 {[%clk 00:02:59]} {[%emt 00:00:01]} Nf8 {[%clk 00:04:01]}
{[%emt 00:00:04]} 23. Re1 {[%clk 00:02:42]} {[%emt 00:00:20]} Qd7 {[%clk
00:03:41]} {[%emt 00:00:22]} 24. Rcd1 {[%clk 00:02:36]} {[%emt 00:00:08]} Qc7
{[%clk 00:03:39]} {[%emt 00:00:04]} 25. f5 {[%clk 00:02:36]} {[%emt 00:00:03]}
Red8 {[%clk 00:03:24]} {[%emt 00:00:16]} 26. f6 {[%clk 00:02:37]} Ng6 {[%clk
00:03:25]} {[%emt 00:00:01]} 27. fxg7 {[%clk 00:02:33]} {[%emt 00:00:06]} Bd7
{[%clk 00:03:16]} {[%emt 00:00:11]} 28. Nh5 {[%clk 00:02:33]} {[%emt 00:00:02]}
Qxc2 {[%clk 00:03:09]} {[%emt 00:00:08]} 29. Qe3 {[%clk 00:02:17]} {[%emt
00:00:18]} Nxe5 {[%clk 00:01:55]} {[%emt 00:01:17]} 30. Qxe5 {[%clk 00:02:06]}
{[%emt 00:00:13]} Qf5 {[%clk 00:01:37]} {[%emt 00:00:20]} 31. Nf6+ {[%clk
00:02:02]} {[%emt 00:00:06]} Kxg7 {[%clk 00:01:37]} {[%emt 00:00:02]} 32. Nxd7+
{[%clk 00:02:03]} Qxe5 {[%clk 00:01:37]} {[%emt 00:00:01]} 33. Nxe5 {[%clk
00:02:04]} {[%emt 00:00:02]} Rc2 {[%clk 00:01:37]} {[%emt 00:00:02]} 34. h3
{[%clk 00:01:59]} {[%emt 00:00:07]} Rdc8 {[%clk 00:01:37]} {[%emt 00:00:02]} 35.
Rd4 {[%clk 00:02:00]} Rb2 {[%clk 00:01:35]} {[%emt 00:00:05]} 36. Rb4 {[%clk
00:02:01]} f6 {[%clk 00:01:29]} {[%emt 00:00:09]} 37. Nd3 {[%clk 00:01:56]}
{[%emt 00:00:07]} Rd2 {[%clk 00:01:26]} {[%emt 00:00:04]} 38. Nf4 {[%clk
00:01:57]} e5 {[%clk 00:01:25]} {[%emt 00:00:03]} 39. Rxb7+ {[%clk 00:01:56]}
{[%emt 00:00:03]} Kg8 {[%clk 00:01:25]} {[%emt 00:00:02]} 40. Bxd5+ {[%clk
00:01:56]} {[%emt 00:00:02]} Kh8 {[%emt 00:00:13]} 41. Nh5 {[%clk 00:01:47]}
{[%emt 00:00:01]} Rxd5 {[%clk 00:01:21]} {[%emt 00:00:06]} 42. Nxf6 {[%clk
00:01:48]} Rd7 {[%clk 00:00:59]} {[%emt 00:00:24]} 43. Rxd7 {[%clk 00:01:48]}
{[%emt 00:00:02]} Rc7 {[%clk 00:01:00]} 44. Rxc7 {[%clk 00:01:47]} {[%emt
00:00:03]} e4 {[%clk 00:01:02]} 45. Rxh7# {[%clk 00:01:47]} {[%emt 00:00:01]}
1-0